| 000 | 00889 a2200181 4500 | ||
|---|---|---|---|
| 020 | _a978-3-319-11238-1 | ||
| 082 | _a515.352 | ||
| 090 |
_c1785 _d1785 |
||
| 100 | _aKong, Qingkai | ||
| 245 |
_aA Short Course in Ordinaty Differential Equations _cQingkai Kong |
||
| 260 |
_aNew York _bSpringer _c2014 |
||
| 300 | _axii, 207 | ||
| 942 |
_aSNS _cBK _k515.352 KON |
||
| 999 |
_c30391 _d30391 |
||